| 000 | 00529nam a2200205Ia 4500 | ||
|---|---|---|---|
| 003 | OSt | ||
| 005 | 20221005125348.0 | ||
| 006 | a|||||r|||| 00| 0 | ||
| 007 | ta | ||
| 008 | 221004b |||||||| |||| 00| 0 guj d | ||
| 024 | _a46106 | ||
| 037 | _cTextual | ||
| 040 |
_aCRL _cCRL _bguj |
||
| 041 |
_2guj _aguj |
||
| 082 | _aO155,2:g, K8 | ||
| 100 |
_aPathak Nandkumar _9636571 |
||
| 245 | 0 | _aPaschtya natya sahityan swarupo | |
| 942 |
_hO155,2:g, K8 _cTEXL _2cc |
||
| 999 |
_c1053796 _d1053796 |
||